The Broad Pass region, Alaska, (Record no. 25611)
[ view plain ]
| 000 -LEADER | |
|---|---|
| fixed length control field | 00892cam a22002291 4500 |
| 001 - CONTROL NUMBER | |
| control field | gs 15000983 |
| 003 - CONTROL NUMBER IDENTIFIER | |
| control field | DLC |
| 005 - DATE AND TIME OF LATEST TRANSACTION | |
| control field | 20260227111318.0 |
| 008 - FIXED-LENGTH DATA ELEMENTS--GENERAL INFORMATION | |
| fixed length control field | 770317s1915 dcuabf f000 0 eng c |
| 010 ## - LIBRARY OF CONGRESS CONTROL NUMBER | |
| LC control number | gs 15000983 |
| 040 ## - CATALOGING SOURCE | |
| Original cataloging agency | U.S. Geol. survey. Libr. (200)E no. 608 |
| Transcribing agency | ak |
| Modifying agency | DLC |
| 043 ## - GEOGRAPHIC AREA CODE | |
| Geographic area code | n-us-ak |
| 050 00 - LIBRARY OF CONGRESS CALL NUMBER | |
| Classification number | QE75 |
| Item number | .B9 no. 608 |
| 051 ## - LIBRARY OF CONGRESS COPY, ISSUE, OFFPRINT STATEMENT | |
| Classification number | QE84.B7 |
| Item number | M7 |
| Copy information | Copy 2. |
| 100 1# - MAIN ENTRY--PERSONAL NAME | |
| Personal name | Moffit, Fred H. |
| Fuller form of name | (Fred Howard), |
| Dates associated with a name | 1874-1958? |
| 245 14 - TITLE STATEMENT | |
| Title | The Broad Pass region, Alaska, |
| Statement of responsibility, etc. | by Fred H. Moffit; with sections on Quaternary deposits, igneous rocks and glaciation, by Joseph E. Pogue. |
| 260 ## - PUBLICATION, DISTRIBUTION, ETC. | |
| Place of publication, distribution, etc. | Washington, |
| Name of publisher, distributor, etc. | Govt. print. off., |
| Date of publication, distribution, etc. | 1915. |
| 300 ## - PHYSICAL DESCRIPTION | |
| Extent | 80 p. |
| Other physical details | illus., plates (part fold.) 2 fold. maps (in pocket) |
| Dimensions | 24 cm. |
| 490 0# - SERIES STATEMENT | |
| Series statement | United States. Geological survey. Bulletin 608 |
| 650 #0 - SUBJECT ADDED ENTRY--TOPICAL TERM | |
| Topical term or geographic name entry element | Geology |
| Geographic subdivision | Alaska. |
| 700 1# - ADDED ENTRY--PERSONAL NAME | |
| Personal name | Pogue, Joseph E. |
| Fuller form of name | (Joseph Ezekiel), |
| Dates associated with a name | 1887- |
| Relator term | joint author. |
No items available.